Govt. of
Madhya Pradesh

रेलवे भर्ती बोर्ड परीक्षा हेतु रेलवे सामान्‍य अध्‍ययन (Record no. 54344)

MARC details
000 -LEADER
fixed length control field 00555nam a22001697a 4500
003 - CONTROL NUMBER IDENTIFIER
control field MACL
005 - DATE AND TIME OF LATEST TRANSACTION
control field 20170609172243.0
008 - FIXED-LENGTH DATA ELEMENTS--GENERAL INFORMATION
fixed length control field 160717b xxu||||| |||| 00| 0 eng d
040 ## - CATALOGING SOURCE
Transcribing agency MACL
041 ## - LANGUAGE CODE
Language code of text/sound track or separate title Hindi
082 ## - DEWEY DECIMAL CLASSIFICATION NUMBER
Classification number 332
100 ## - MAIN ENTRY--PERSONAL NAME
Personal name suchit Kumar
9 (RLIN) 64579
245 ## - TITLE STATEMENT
Title रेलवे भर्ती बोर्ड परीक्षा हेतु रेलवे सामान्‍य अध्‍ययन
Statement of responsibility, etc. सुचित कुमार
260 ## - PUBLICATION, DISTRIBUTION, ETC. (IMPRINT)
Place of publication, distribution, etc. पटना
Name of publisher, distributor, etc. speedy
Date of publication, distribution, etc.
650 ## - SUBJECT ADDED ENTRY--TOPICAL TERM
Topical term or geographic name as entry element रेलवे
9 (RLIN) 64580
942 ## - ADDED ENTRY ELEMENTS (KOHA)
Source of classification or shelving scheme
Koha item type Hindi Books
Holdings
Withdrawn status Lost status Source of classification or shelving scheme Damaged status Not for loan Home library Current library Date acquired Cost, normal purchase price Total Checkouts Full call number Barcode Checked out Date last seen Date last checked out Price effective from Koha item type
          MACL MACL 17/07/2016 198.00 6 332 KUM DPI000495 03/03/2019 10/02/2019 10/02/2019 17/07/2016 Hindi Books